Farmakologický profil cefadroxilu

Bibliographic Details
Main Author: Božeková, Lýdia, 1945- (Author)
Format: Article
Language:Slovak
PhysicalDescription:Lit. 9 zázn.
ISSN:1335-0633
Subjects:

MARC

LEADER 00000nab a2200000 a 4500
001 vtls000628223
003 SK-MaSNL
005 20260304094938.0
008 250425c1997 xo 0 slo
015 |a SNBRB19rr/mm-uuuuu 
035 |a CL0628362 
035 |a urn:nbn:sk:snk-abbqvc 
035 |a (urnnbn)urn:nbn:sk:snk:ar-0059gt 
035 |a (uuid)57f40148-5123-44f3-abea-351d8271c49b 
040 |a SNKBUCL  |b slo  |c SNKBUCL  |e AACR2 
041 0 |a slo 
044 |a xo  |c SK 
080 |a 615.281  |2 1981 
100 1 |a Božeková, Lýdia,  |d 1945-  |4 aut  |9 209056 
245 1 0 |a Farmakologický profil cefadroxilu  |c L. Božeková 
300 |b Lit. 9 zázn. 
650 0 7 |a Cefadroxil (liek)  |2 snkbucl  |9 1376758 
655 7 |a články z novín a časopisov  |2 snkbucl  |9 267496 
773 0 |t Pharma journal  |g Roč. 7, č. 3 (1997), s. 75-76  |x 1335-0633 
850 |a Slovenská národná knižnica 
852 |a Slovenská národná knižnica 
954 |a odborná, vedecká literatúra pôvodná (slovenská)  |2 lita 
958 |a article15 
958 |a OND 
958 |a NB 
958 |a MI 
958 |a RK 
958 |a EUIPO 
992 |a RBX 
999 |c 2829887  |d 2831817